000
00270nam a2200109Ia 4500
008
200302s9999 xx 000 0 und d
100
_a
C M.Scalise
245
_a
Interior Planning And Design
260
_b
Thomson Delmart Learning, Canada
260
_c
2004
300
_a
338
999
_c
4725
_d
4725